[Event "GER-chT U16"]
[Site "Uelzen"]
[Date "2007.12.29"]
[Round "6.3"]
[White "Balssuweit, Michael"]
[Black "Hahn, Florian"]
[Result "1/2-1/2"]
[WhiteElo "1473"]
[BlackElo "1501"]
[PlyCount "50"]
[EventDate "2007.12.27"]
[EventType "team-swiss"]
[EventRounds "7"]
[EventCountry "GER"]
[SourceTitle "EXT 2022"]
[Source "ChessBase"]
[SourceDate "2021.10.06"]
[SourceVersion "1"]
[SourceVersionDate "2021.10.06"]
[SourceQuality "1"]
[WhiteTeam "Erfurt Empor U16"]
[BlackTeam "Gruendau U16"]
[WhiteTeamCountry "GER"]
[BlackTeamCountry "GER"]

1. e4 c5 2. Nf3 d6 3. d4 cxd4 4. Nxd4 Nf6 5. Nc3 a6 6. Be3 e5 7. Nb3 Be6 8. f3 Be7 9. Qd2 0-0 10. 0-0-0 a5 11. Qf2 Nbd7 12. Nb5 a4 13. Nd2 d5 14. exd5 Nxd5 15. Kb1 Rc8 16. a3 N7b6 17. Be2 Nxe3 18. Qxe3 Nd5 19. Qxe5 Bf6 20. Qd6 Ne3 21. Rc1 Qa5 22. Ne4 Qd8 23. Nxf6+ Qxf6 24. Qd4 Qe7 25. Bd3 Nd5 1/2-1/2